| 000 | 00565nam a2200229Ia 4500 | ||
|---|---|---|---|
| 005 | 20250425161733.0 | ||
| 008 | 250425s9999 xx 000 0 und d | ||
| 020 | _a9681828569 | ||
| 041 | _aspa | ||
| 082 | _a631.53 | ||
| 100 | _aZOBEL, BRUCE | ||
| 245 | 0 | _aTÉCNICAS DE MEJORAMIENTO GENÉTICO DE ARBOLES FORESTALES | |
| 250 | _a1A ED. | ||
| 260 | _aMEXICO | ||
| 260 |
_aMéxico _bUTEHA _c1994 |
||
| 300 | _a545 | ||
| 650 | _aCULTIVO DE PLANTAS (OPERACION) | ||
| 650 | _aMEJORA GENETICA | ||
| 700 | _aTALBERT, JOHN | ||
| 942 | _c01 | ||
| 010 | _a26958 | ||
| 999 |
_c215067 _d215067 |
||